[Event "XIV Festival"]
[Site "Padova ITA"]
[Date "2011.12.13"]
[Round "4"]
[White "Fercec, Nenad"]
[Black "Bove, Alessandro"]
[WhiteElo "2451"]
[BlackElo "2369"]
[Result "0-1"]
[PlyCount "66"]
[EventDate "2011.12.11"]

1. e4 c5 2. Nf3 d6 3. d4 cxd4 4. Nxd4 Nf6 5. Nc3 a6 6. Bg5 Nbd7 7. Qe2 b5 8.
O-O-O b4 9. Nd5 Bb7 10. f4 g6 11. Qc4 Nxd5 12. exd5 Bg7 13. Nc6 Bxc6 14. dxc6
Nf6 15. Be2 O-O 16. Bf3 Qb6 17. Rhe1 Ra7 18. f5 Rc7 19. Be3 Qa5 20. fxg6 hxg6
21. g4 Rfc8 22. Qb3 Rxc6 23. Bxc6 Rxc6 24. Bf4 Qc7 25. g5 Ng4 26. Re2 Rc4 27.
Rxe7 Qxe7 28. Qxc4 Nf2 29. Rf1 d5 30. Qxd5 Qe2 31. Rg1 Nh3 32. Qd1 Nxf4 33. Re1
Nd3+ 0-1

[Event "XIV Festival"]
[Site "Padova ITA"]
[Date "2011.12.13"]
[Round "4"]
[White "Laketic, Gojko"]
[Black "De Santis, Alessio"]
[WhiteElo "2444"]
[BlackElo "2318"]
[Result "1/2-1/2"]
[PlyCount "157"]
[EventDate "2011.12.11"]

1. d4 d6 2. e4 Nf6 3. f3 e5 4. d5 Be7 5. Be3 c5 6. c4 Nh5 7. Nc3 Bg5 8. Bf2 g6
9. g3 a6 10. a4 a5 11. Bh3 Na6 12. Kf1 O-O 13. Bxc8 Qxc8 14. Kg2 Nb4 15. Ra3
Qd7 16. Nb5 f5 17. exf5 Rxf5 18. Nh3 Bh6 19. Re1 Rff8 20. Bg1 Rad8 21. Nf2 Nf6
22. Nc3 Qf5 23. Nce4 Nxe4 24. Nxe4 b6 25. Re2 Qc8 26. Re1 Qf5 27. Rb3 Qd7 28.
Be3 Bxe3 29. Rbxe3 h6 30. h4 Qf5 31. R1e2 Rf7 32. Rf2 g5 33. Qh1 Rh7 34. Qh3
Qxh3+ 35. Kxh3 Rg7 36. hxg5 hxg5 37. Kg4 Kf7 38. Nxg5+ Ke7 39. f4 Rdg8 40. Rh2
Kd7 41. Rh5 Nc2 42. Re4 exf4 43. gxf4 Nd4 44. Re1 Nc2 45. Re2 Nd4 46. Re4 Rf7
47. Re3 Nc2 48. Reh3 Re7 49. b3 Ne3+ 50. Kf3 Nf5 51. Ne6 Nd4+ 52. Nxd4 cxd4 53.
Rh7 Rge8 54. Rxe7+ Rxe7 55. Kg4 Re1 56. Rd3 Ke7 57. Kf3 Kf6 58. Rxd4 Kf5 59.
Rd3 Rb1 60. Ke3 Rh1 61. Kd4 Kxf4 62. Kc3 Rc1+ 63. Kd2 Rh1 64. Rd4+ Kf3 65. Kc3
Rc1+ 66. Kb2 Rh1 67. Kc2 Rh2+ 68. Kc3 Rh1 69. Rd3+ Ke4 70. Rg3 Rc1+ 71. Kd2 Rh1
72. Rg4+ Ke5 73. Kc3 Rh3+ 74. Kb2 Rh2+ 75. Ka3 Rh1 76. Kb2 Rh2+ 77. Kc3 Rh3+
78. Kc2 Rh2+ 79. Kc3 1/2-1/2

[Event "XIV Festival"]
[Site "Padova ITA"]
[Date "2011.12.13"]
[Round "4"]
[White "Rossi, Carlo"]
[Black "Naumkin, Igor"]
[WhiteElo "2318"]
[BlackElo "2432"]
[Result "0-1"]
[PlyCount "68"]
[EventDate "2011.12.11"]

1. e4 e6 2. Nf3 d5 3. e5 c5 4. b4 cxb4 5. a3 bxa3 6. Bxa3 Bxa3 7. Nxa3 Bd7 8.
Bd3 h6 9. O-O Ne7 10. Re1 a6 11. Qb1 Bc6 12. Qb4 Nd7 13. c3 Qc7 14. Nc2 Qb6 15.
Qg4 Nc5 16. Qxg7 Rg8 17. Qh7 O-O-O 18. Bf1 Nf5 19. Qxf7 Rdf8 20. Qh5 Ne4 21.
Ncd4 Be8 22. Qh3 Nxf2 23. Kxf2 Nxd4 24. cxd4 Qxd4+ 25. Re3 Qxa1 26. Qxe6+ Bd7
27. Qxd5 Bc6 28. Qe6+ Kb8 29. Qd6+ Ka8 30. Ra3 Qb2 31. Re3 Bxf3 32. gxf3 Rd8
33. Qxh6 Qxd2+ 34. Be2 Qc1 0-1

[Event "XIV Festival"]
[Site "Padova ITA"]
[Date "2011.12.13"]
[Round "4"]
[White "Valsecchi, Alessio"]
[Black "Efimov, Igor"]
[WhiteElo "2376"]
[BlackElo "2418"]
[Result "1/2-1/2"]
[PlyCount "20"]
[EventDate "2011.12.11"]

1. d4 d5 2. Nf3 Nf6 3. c4 e6 4. cxd5 exd5 5. Bg5 Be7 6. Qc2 c6 7. e3 Nh5 8.
Bxe7 Qxe7 9. Be2 g6 10. O-O Bf5 1/2-1/2

[Event "XIV Festival"]
[Site "Padova ITA"]
[Date "2011.12.14"]
[Round "5"]
[White "Arnaudov, G. Petar"]
[Black "Solomon, Kenny"]
[WhiteElo "2477"]
[BlackElo "2426"]
[Result "1/2-1/2"]
[PlyCount "55"]
[EventDate "2011.12.11"]

1. c4 c5 2. g3 Nf6 3. Bg2 d5 4. cxd5 Nxd5 5. Nc3 Nc7 6. Nf3 Nc6 7. O-O e5 8. a3
Rb8 9. e3 Be7 10. d4 cxd4 11. exd4 exd4 12. Ne2 Ne6 13. b4 a6 14. Ra2 O-O 15.
Rd2 Bf6 16. Bb2 Qb6 17. Nexd4 Nexd4 18. Nxd4 Nxd4 19. Bxd4 Bxd4 20. Rxd4 Be6
21. Qd2 Rfd8 22. Rd1 Rxd4 23. Qxd4 Qxd4 24. Rxd4 Kf8 25. Kf1 Ke7 26. Ke2 b6 27.
Be4 a5 28. h4 1/2-1/2

[Event "XIV Festival"]
[Site "Padova ITA"]
[Date "2011.12.14"]
[Round "5"]
[White "De Santis, Alessio"]
[Black "Maiorov, Nikita"]
[WhiteElo "2318"]
[BlackElo "2558"]
[Result "0-1"]
[PlyCount "174"]
[EventDate "2011.12.11"]

1. d4 Nf6 2. c4 e6 3. Nc3 Bb4 4. Qc2 O-O 5. a3 Bxc3+ 6. Qxc3 d6 7. Bg5 Nbd7 8.
Nf3 b6 9. g3 Ba6 10. Bg2 Rc8 11. Rd1 Ne4 12. Bxd8 Nxc3 13. bxc3 Rfxd8 14. Nd2
c5 15. d5 Nf6 16. dxe6 fxe6 17. Bh3 Kf7 18. O-O g5 19. Rfe1 Ke7 20. e4 Nd7 21.
f3 Ne5 22. Bf1 Rf8 23. Be2 Rf6 24. a4 Rb8 25. Rb1 Rff8 26. Rb2 Kd7 27. Kg2 Kc7
28. Ra2 Bb7 29. a5 bxa5 30. Rxa5 a6 31. Rea1 h5 32. Kg1 h4 33. g4 Bc8 34. R5a2
Rb6 35. h3 Bb7 36. Kf2 Ng6 37. Bf1 Nf4 38. Kg1 Rb8 39. Kf2 Bc8 40. Ke1 Rb2 41.
Rxb2 Rxb2 42. Kd1 Rb8 43. Kc2 Bb7 44. Nb3 Ng6 45. Be2 Ra8 46. Kd2 Bc6 47. Ke3
Bd7 48. Nc1 Ne5 49. f4 gxf4+ 50. Kxf4 Nf7 51. Nd3 e5+ 52. Ke3 Ng5 53. Bf1 a5
54. Ne1 a4 55. Nf3 Nxf3 56. Kxf3 Rb8 57. Ke3 Rb3 58. Kd3 Kd8 59. Kc2 Ke7 60.
Bd3 Bc6 61. Rf1 Rb8 62. Kc1 Rf8 63. Rf5 Rxf5 64. gxf5 Kf6 65. Kb2 Kg5 66. Ka3
Kf4 67. Bc2 Kg5 68. Bd3 Be8 69. Bc2 Bf7 70. Bxa4 Bxc4 71. Bd7 Kf6 72. Kb2 Bf1
73. Kc2 Bxh3 74. Kd3 Bg2 75. Ke3 h3 76. Kf2 Bxe4 77. Kg3 Bxf5 78. Bc6 Be6 79.
c4 Ke7 80. Kh2 Kd8 81. Kg3 Kc7 82. Bf3 Kb6 83. Be4 Ka6 84. Kh2 Ka5 85. Kg3 Kb4
86. Bb1 Kc3 87. Kh2 Bd7 0-1

[Event "XIV Festival"]
[Site "Padova ITA"]
[Date "2011.12.14"]
[Round "5"]
[White "Dragojlovic, Andjelko"]
[Black "Laketic, Gojko"]
[WhiteElo "2386"]
[BlackElo "2444"]
[Result "0-1"]
[PlyCount "89"]
[EventDate "2011.12.11"]

1. e4 c5 2. Nf3 e6 3. b3 b6 4. Bb2 Bb7 5. Nc3 d6 6. d4 a6 7. Bd3 Nd7 8. O-O
Ngf6 9. Qe2 Qc7 10. h3 cxd4 11. Nxd4 Be7 12. f4 O-O 13. Rae1 Nc5 14. Kh1 Rac8
15. b4 Nxd3 16. cxd3 Qd7 17. a3 Rc7 18. Rc1 Rfc8 19. Qe3 Qd8 20. Qg3 Nh5 21.
Qg4 Nf6 22. Qg3 Bf8 23. Nce2 Rxc1 24. Nxc1 Nd7 25. Qf2 Qe8 26. Ncb3 e5 27. fxe5
dxe5 28. Nf5 Qe6 29. Nc1 g6 30. Ne3 b5 31. Ne2 Bh6 32. Nc3 Nb6 33. Ng4 Bg7 34.
Nd1 Nd7 35. Qd2 f6 36. Nc3 h5 37. Nh2 Kh7 38. Nf3 Bh6 39. Qd1 Nb6 40. Nd2 Rd8
41. Nb3 Na4 42. Nxa4 Bxe4 43. Rf3 Bxf3 44. Qxf3 Qxb3 45. Nc5 0-1

[Event "XIV Festival"]
[Site "Padova ITA"]
[Date "2011.12.14"]
[Round "5"]
[White "Efimov, Igor"]
[Black "Djuric, Stefan"]
[WhiteElo "2418"]
[BlackElo "2459"]
[Result "1/2-1/2"]
[PlyCount "97"]
[EventDate "2011.12.11"]

1. e4 e5 2. Nf3 Nc6 3. Bc4 Be7 4. d4 exd4 5. O-O d6 6. Nxd4 Nf6 7. Nxc6 bxc6 8.
Nc3 O-O 9. Qf3 Nd7 10. Bf4 Bf6 11. Qg3 Rb8 12. Bb3 a5 13. Rad1 c5 14. Nd5 Ba6
15. Rfe1 c4 16. Ba4 Nc5 17. Bc6 Ne6 18. Bd2 Bh4 19. Qc3 Bb5 20. Bxb5 Rxb5 21.
a4 Rb7 22. Qxc4 Rxb2 23. Bxa5 Qa8 24. Bc3 Rxc2 25. g3 Qa7 26. Ne3 Rxc3 27. Qxc3
Bf6 28. Qc4 Ra8 29. Nd5 Bd4 30. Re2 Qxa4 31. Qxa4 Rxa4 32. Rb1 g6 33. Kg2 Kg7
34. f4 c6 35. Ne7 Rc4 36. f5 Nc7 37. Rb7 Ne8 38. Nc8 Be5 39. Ra2 Nf6 40. Raa7
Rc2+ 41. Kf1 Kh6 42. Rxf7 Kg5 43. fxg6 hxg6 44. Nxd6 Bxd6 45. h4+ Kh5 46. Rxf6
Bxg3 47. Rh7+ Kg4 48. Rxg6+ Kf3 49. Rxg3+ 1/2-1/2

[Event "XIV Festival"]
[Site "Padova ITA"]
[Date "2011.12.14"]
[Round "5"]
[White "Lazic, Miroljub"]
[Black "Epishin, Vladimir V."]
[WhiteElo "2459"]
[BlackElo "2543"]
[Result "1/2-1/2"]
[PlyCount "44"]
[EventDate "2011.12.11"]

1. Nf3 Nf6 2. g3 d5 3. Bg2 c6 4. O-O Nbd7 5. d3 e5 6. e4 dxe4 7. dxe4 Bc5 8.
Nbd2 O-O 9. a4 Qc7 10. Qe2 b6 11. Nb3 a5 12. Rd1 Ba6 13. Qe1 Bb4 14. Bd2 Bxd2
15. Qxd2 Rfd8 16. Qd6 Qxd6 17. Rxd6 Kf8 18. Rad1 Be2 19. R1d2 Bxf3 20. Bxf3
Rac8 21. Bg2 Ke7 22. f3 Nb8 1/2-1/2

[Event "XIV Festival"]
[Site "Padova ITA"]
[Date "2011.12.14"]
[Round "5"]
[White "Naumkin, Igor"]
[Black "Kosic, Dragan"]
[WhiteElo "2432"]
[BlackElo "2502"]
[Result "0-1"]
[PlyCount "78"]
[EventDate "2011.12.11"]

1. d4 Nf6 2. c4 e6 3. Nf3 Bb4+ 4. Bd2 a5 5. g3 d6 6. Bg2 Nbd7 7. Nc3 e5 8. O-O
O-O 9. d5 Nc5 10. a3 Bxc3 11. Bxc3 a4 12. Nd2 Bf5 13. f3 Qe7 14. e4 Bd7 15. Kh1
b5 16. Qc2 bxc4 17. Nxc4 Bb5 18. Bb4 Nb3 19. Rae1 Nd7 20. Rf2 Ndc5 21. Bf1 Rab8
22. f4 f6 23. Bc3 Qd7 24. f5 Qc8 25. g4 Qa6 26. Bb4 Nd7 27. Rg2 Rbc8 28. Ne3
Bxf1 29. Rxf1 c5 30. dxc6 Rxc6 31. Bc3 h6 32. Rfg1 Nb6 33. h4 Kf7 34. Nd5 Nxd5
35. exd5 Rc4 36. Rh2 Rh8 37. g5 hxg5 38. hxg5 Rch4 39. Rgg2 Rxh2+ 0-1

[Event "XIV Festival"]
[Site "Padova ITA"]
[Date "2011.12.14"]
[Round "5"]
[White "Solodovnichenko, Yuri"]
[Black "Boscolo, Federico"]
[WhiteElo "2629"]
[BlackElo "2270"]
[Result "1-0"]
[PlyCount "55"]
[EventDate "2011.12.11"]

1. e4 c5 2. Nf3 d6 3. d4 cxd4 4. Nxd4 Nf6 5. Nc3 g6 6. Be3 Bg7 7. f3 Nc6 8. Bc4
Qb6 9. Nf5 Qxb2 10. Nxg7+ Kf8 11. Nd5 Nxd5 12. Bxd5 Kxg7 13. Rb1 Qc3+ 14. Bd2
Qc5 15. Qc1 Rd8 16. a4 Nd4 17. c3 Ne6 18. Be3 Qc7 19. O-O Nc5 20. f4 f6 21. f5
gxf5 22. exf5 Nd3 23. Qd2 Ne5 24. Rb4 Bd7 25. Rh4 Rg8 26. Rff4 Rh8 27. Rfg4+
Nxg4 28. Bh6+ 1-0

[Event "XIV Festival"]
[Site "Padova ITA"]
[Date "2011.12.15"]
[Round "6"]
[White "Bellini, Fabio"]
[Black "Kosic, Dragan"]
[WhiteElo "2513"]
[BlackElo "2502"]
[Result "1-0"]
[PlyCount "69"]
[EventDate "2011.12.11"]

1. e4 e6 2. d4 d5 3. Nc3 Nf6 4. Bg5 dxe4 5. Nxe4 Nbd7 6. Nxf6+ Nxf6 7. Nf3 h6
8. Bh4 c5 9. Bd3 cxd4 10. O-O Bd7 11. Qe2 Bc6 12. Ne5 Bd6 13. f4 Qc7 14. Bf2
Bc5 15. f5 O-O-O 16. fxe6 fxe6 17. Nc4 Bd5 18. Bg3 Qc6 19. Ne5 Qe8 20. b4 Bd6
21. Bg6 Qe7 22. a3 Rhf8 23. Rad1 Nd7 24. Nf7 Bxg3 25. hxg3 Rxf7 26. Rxf7 Qg5
27. Be4 Ne5 28. Bxd5 Rxd5 29. Rf4 d3 30. cxd3 Qxg3 31. Re4 Kd7 32. Rf1 h5 33.
Qxh5 Qxd3 34. Rfe1 g6 35. Qh8 1-0

[Event "XIV Festival"]
[Site "Padova ITA"]
[Date "2011.12.15"]
[Round "6"]
[White "Boscolo, Federico"]
[Black "Arnaudov, G. Petar"]
[WhiteElo "2270"]
[BlackElo "2477"]
[Result "0-1"]
[PlyCount "54"]
[EventDate "2011.12.11"]

1. e4 e5 2. Nf3 Nc6 3. d4 exd4 4. Bc4 Nf6 5. O-O Nxe4 6. Re1 d5 7. Bxd5 Qxd5 8.
Nc3 Qa5 9. Nxe4 Be6 10. Bd2 Bb4 11. Bxb4 Qxb4 12. a3 Qb6 13. Neg5 O-O-O 14.
Nxe6 fxe6 15. Rxe6 Qxb2 16. Rxc6 bxc6 17. Rb1 Qa2 18. Rb3 Rhe8 19. Ne1 c5 20.
h3 c4 21. Rb5 Qxa3 22. Qg4+ Rd7 23. Nf3 Qd6 24. g3 a6 25. Rb1 Qd5 26. Nd2 Re6
27. h4 h5 0-1

[Event "XIV Festival"]
[Site "Padova ITA"]
[Date "2011.12.15"]
[Round "6"]
[White "Djuric, Stefan"]
[Black "Bove, Alessandro"]
[WhiteElo "2459"]
[BlackElo "2369"]
[Result "1-0"]
[PlyCount "81"]
[EventDate "2011.12.11"]

1. d4 Nf6 2. Nf3 e6 3. e3 d5 4. c4 dxc4 5. Bxc4 a6 6. O-O Nbd7 7. Re1 b5 8. Bb3
Bb7 9. Nc3 c5 10. a4 c4 11. Bc2 b4 12. Ne2 a5 13. Ng3 b3 14. Bb1 Nb6 15. e4 Be7
16. Ng5 Bb4 17. Rf1 h6 18. Nf3 Ba6 19. e5 Nfd5 20. Ne4 Qd7 21. Nc5 Qc6 22. Nxa6
Rxa6 23. Nd2 Ra8 24. Qg4 g6 25. Be4 Rd8 26. h4 Nxa4 27. h5 gxh5 28. Qg7 Rf8 29.
Nxc4 Qxc4 30. Rxa4 Qxd4 31. Bf3 Qh4 32. Bxh6 Qc4 33. Rc1 Qb5 34. Raa1 a4 35.
Rab1 Be7 36. Qh7 a3 37. bxa3 Rb8 38. Bxf8 Bxf8 39. Bxh5 Qd7 40. a4 Rb7 41. Be2
1-0

[Event "XIV Festival"]
[Site "Padova ITA"]
[Date "2011.12.15"]
[Round "6"]
[White "Epishin, Vladimir V."]
[Black "Manca, Federico"]
[WhiteElo "2543"]
[BlackElo "2417"]
[Result "1-0"]
[PlyCount "101"]
[EventDate "2011.12.11"]

1. d4 Nf6 2. c4 e6 3. Nf3 Bb4+ 4. Nbd2 b6 5. g3 Bb7 6. Bg2 O-O 7. O-O Bxd2 8.
Qxd2 d6 9. b3 Nbd7 10. Bb2 Qe7 11. Rad1 Rfd8 12. Qe3 c5 13. h3 d5 14. g4 dxc4
15. bxc4 cxd4 16. Rxd4 Nc5 17. Rfd1 Ne8 18. h4 f6 19. g5 e5 20. h5 Rxd4 21.
Rxd4 Ne6 22. Rd2 Nf4 23. gxf6 gxf6 24. h6 Nxg2 25. Kxg2 Qe6 26. Kh2 Qg4 27. c5
Qh5+ 28. Kg1 Nc7 29. c6 Bxc6 30. Rd6 Qg4+ 31. Kf1 Qh3+ 32. Ke1 Nb5 33. Qb3+ Kh8
34. Rxf6 Qh1+ 35. Kd2 Rd8+ 36. Ke3 Nd4 37. Bxd4 exd4+ 38. Kd2 Bxf3 39. Qxf3
Qxf3 40. Rxf3 Kg8 41. Rg3+ Kh8 42. Kd3 Rd6 43. f4 Rxh6 44. Kxd4 Rh1 45. f5 h5
46. f6 Kh7 47. Ke5 h4 48. Rf3 Kg8 49. e4 Rg1 50. Ke6 Rg3 51. Rf4 1-0

[Event "XIV Festival"]
[Site "Padova ITA"]
[Date "2011.12.15"]
[Round "6"]
[White "Fercec, Nenad"]
[Black "Zufic, Miroslav"]
[WhiteElo "2451"]
[BlackElo "2409"]
[Result "1/2-1/2"]
[PlyCount "29"]
[EventDate "2011.12.11"]

1. e4 c6 2. d4 d5 3. Nd2 dxe4 4. Nxe4 Bf5 5. Ng3 Bg6 6. h4 h6 7. Nf3 Nd7 8. h5
Bh7 9. Bd3 Bxd3 10. Qxd3 Ngf6 11. Bd2 e6 12. O-O-O Qc7 13. Ne4 Nxe4 14. Qxe4
Nf6 15. Qe2 1/2-1/2

[Event "XIV Festival"]
[Site "Padova ITA"]
[Date "2011.12.15"]
[Round "6"]
[White "Lazic, Miroljub"]
[Black "Solodovnichenko, Yuri"]
[WhiteElo "2459"]
[BlackElo "2629"]
[Result "0-1"]
[PlyCount "92"]
[EventDate "2011.12.11"]

1. e4 c5 2. Nc3 Nc6 3. g3 g6 4. Bg2 Bg7 5. d3 d6 6. Be3 Rb8 7. Nge2 Nf6 8. h3
O-O 9. O-O e5 10. f4 Nd4 11. Qd2 b5 12. g4 b4 13. Nd1 Nxe2+ 14. Qxe2 exf4 15.
Bxf4 Ne8 16. Qd2 Be6 17. Bh6 d5 18. Bxg7 Nxg7 19. Nf2 f5 20. exf5 gxf5 21. d4
c4 22. Rae1 Kh8 23. Re5 fxg4 24. hxg4 Qh4 25. Qg5 Qxg5 26. Rxg5 c3 27. b3 Rf4
28. Re1 Rxd4 29. Bf1 Rd2 30. Bd3 Rf8 31. Re2 Rf3 32. Kf1 Rxe2 33. Kxe2 Rg3 34.
Re5 a5 35. Re3 Rg1 36. Rh3 h5 37. Rh4 Bxg4+ 38. Ke3 Re1+ 39. Kd4 Bf3 40. Kc5
Ra1 41. Kb5 Rxa2 42. Rf4 Ne6 43. Rf6 Nd4+ 44. Kc5 Nxc2 45. Kd6 Ne1 46. Ke7 Rxf2
0-1

[Event "XIV Festival"]
[Site "Padova ITA"]
[Date "2011.12.15"]
[Round "6"]
[White "Maiorov, Nikita"]
[Black "Laketic, Gojko"]
[WhiteElo "2558"]
[BlackElo "2444"]
[Result "1-0"]
[PlyCount "65"]
[EventDate "2011.12.11"]

1. d4 Nf6 2. c4 e6 3. Nc3 d5 4. cxd5 exd5 5. Bg5 Be7 6. e3 O-O 7. Bd3 Re8 8.
Nge2 Nbd7 9. O-O Nf8 10. Qc2 c6 11. f3 Be6 12. Rad1 Qa5 13. Qc1 Rac8 14. e4 c5
15. e5 N6d7 16. Bxe7 Rxe7 17. f4 c4 18. Bb1 f5 19. g4 g6 20. Ng3 Rf7 21. Rd2 b5
22. a3 Kh8 23. Qd1 fxg4 24. Rdf2 Qb6 25. Kh1 a6 26. f5 gxf5 27. Bxf5 Rg7 28.
Bb1 Rd8 29. Qd2 Qc6 30. Nh5 Rg8 31. Qh6 Ng6 32. Rf7 Bxf7 33. Rxf7 1-0

[Event "XIV Festival"]
[Site "Padova ITA"]
[Date "2011.12.15"]
[Round "6"]
[White "Solomon, Kenny"]
[Black "Naumkin, Igor"]
[WhiteElo "2426"]
[BlackElo "2432"]
[Result "1-0"]
[PlyCount "205"]
[EventDate "2011.12.11"]

1. Nf3 Nf6 2. c4 e6 3. d4 b6 4. g3 Bb7 5. Bg2 Be7 6. O-O O-O 7. Re1 d5 8. cxd5
exd5 9. Nc3 Na6 10. Bf4 c5 11. Rc1 Ne4 12. dxc5 Naxc5 13. Nd4 Bf6 14. Nxe4 dxe4
15. Nf5 Ne6 16. Bd6 Bxb2 17. Rc2 Qf6 18. Bxf8 Rxf8 19. Nd6 e3 20. fxe3 Bxg2 21.
Kxg2 Ba3 22. Nc4 Bc5 23. Rf1 Qh6 24. Qd5 Qg6 25. h4 Ng5 26. Rf5 Ne6 27. h5 Qh6
28. Qf3 g6 29. Rd5 Ng5 30. Qf4 Be7 31. Re5 Bd8 32. Rd2 Qxh5 33. Qh4 Qxh4 34.
gxh4 Ne6 35. Rd7 Bxh4 36. Rxa7 Bf6 37. Rd5 Bg5 38. Kf3 Bd8 39. Ne5 Ng5+ 40. Kg2
h5 41. Nd7 Re8 42. Ra8 Ne6 43. Nxb6 Kg7 44. Nc4 h4 45. a4 Rh8 46. Kh3 f5 47.
Rd7+ Kf6 48. Nd6 g5 49. Rf7+ Ke5 50. Nxf5 g4+ 51. Kg2 h3+ 52. Kh2 Ng5 53. Rd7
Kxf5 54. Raxd8 Rh5 55. Rd1 Nf7 56. R8d5+ Ne5 57. Rb5 Ke4 58. Rb3 Nc6 59. Rf1
Ne5 60. Rf4+ Kd5 61. Rb5+ Ke6 62. Re4 Kd6 63. Rd4+ Ke6 64. Rd1 Rh8 65. e4 Nc4
66. Rc1 Nd2 67. Rg5 Rh4 68. Kg3 Rh8 69. Rxg4 Ke5 70. Kh2 Nxe4 71. Rb1 Nc3 72.
Rbb4 Kf5 73. Rbf4+ Ke5 74. Rc4 Kf5 75. Rgf4+ Ke5 76. Rb4 Nd5 77. Rbe4+ Kd6 78.
Rh4 Rg8 79. Rxh3 Nf6 80. Rb4 Ng4+ 81. Kg1 Ne3+ 82. Kf2 Nd5 83. Rd3 Ke6 84. Re4+
Kf5 85. Rc4 Nf6 86. Rdd4 Ke5 87. e3 Rf8 88. Ke2 Rg8 89. Rc5+ Ke6 90. Kf3 Rh8
91. Rc6+ Ke5 92. Rc5+ Ke6 93. Kg2 Rg8+ 94. Kf1 Rg3 95. Ke2 Rg2+ 96. Kd3 Ng4 97.
Kc3 Nxe3 98. Kb3 Rf2 99. a5 Nf5 100. Rd3 Rf4 101. Rc4 Rf1 102. Re4+ Kf7 103.
Ra4 1-0

[Event "XIV Festival"]
[Site "Padova ITA"]
[Date "2011.12.16"]
[Round "7"]
[White "Bove, Alessandro"]
[Black "Rossi, Carlo"]
[WhiteElo "2369"]
[BlackElo "2318"]
[Result "1-0"]
[PlyCount "63"]
[EventDate "2011.12.11"]

1. e4 Nc6 2. Nc3 Nf6 3. d4 d5 4. e5 Ng8 5. Nf3 Bf5 6. Nh4 Bg6 7. Nxg6 hxg6 8.
e6 f5 9. Bb5 Qd6 10. Qe2 O-O-O 11. Bxc6 Qxc6 12. Bf4 a6 13. O-O-O Nf6 14. f3 g5
15. Bxg5 g6 16. h4 Nh5 17. Rhe1 Bh6 18. Bxh6 Rxh6 19. g4 Ng7 20. Qe3 Rh7 21.
Qg5 Qe8 22. Re5 c6 23. Ne2 fxg4 24. fxg4 Qf8 25. Nf4 Qf6 26. Nxg6 Qxg5+ 27.
Rxg5 Nxe6 28. Re5 Nf8 29. Nxe7+ Kd7 30. Nf5 Ng6 31. Re3 Rg8 32. Rg1 1-0

[Event "XIV Festival"]
[Site "Padova ITA"]
[Date "2011.12.16"]
[Round "7"]
[White "Laketic, Gojko"]
[Black "Valsecchi, Alessio"]
[WhiteElo "2444"]
[BlackElo "2376"]
[Result "1-0"]
[PlyCount "123"]
[EventDate "2011.12.11"]

1. e4 e5 2. Nf3 Nc6 3. Bb5 Nge7 4. c3 a6 5. Ba4 d6 6. d4 Bd7 7. O-O Ng6 8. d5
Nb8 9. Bxd7+ Nxd7 10. c4 a5 11. Nc3 Be7 12. a3 h6 13. Be3 Bg5 14. b4 Bxe3 15.
fxe3 O-O 16. Qe2 c5 17. bxa5 Rxa5 18. Rfb1 b6 19. Rb3 Qe7 20. Rab1 Rfa8 21. a4
Qf8 22. Nd2 Ne7 23. R3b2 Nc8 24. Rf1 Qd8 25. Qh5 Nf6 26. Qh4 Qe7 27. Qh3 Qd7
28. Qh4 Qg4 29. Qe1 Ne8 30. Rf5 Ne7 31. Rf3 R5a6 32. Qf2 Qg6 33. Rb1 f6 34. Qh4
R8a7 35. Rbf1 Qf7 36. Rg3 Kf8 37. Rh3 Rb7 38. Nf3 Ra8 39. Qe1 Kg8 40. Nh4 Kh7
41. Nf5 Nxf5 42. exf5 Kg8 43. Qb1 Qd7 44. Rh4 Nc7 45. h3 Na6 46. Rf3 Nb4 47.
Rg3 Kf8 48. Qe4 Rba7 49. Kh2 Qf7 50. Rhg4 Qg8 51. Rg6 Qh8 52. Qh4 Rf7 53. Ne4
Rd8 54. Rxg7 Qxg7 55. Rxg7 Kxg7 56. Qh5 Kf8 57. Qxh6+ Ke7 58. Nxf6 Rxf6 59.
Qg7+ Rf7 60. f6+ Ke8 61. Qg8+ Rf8 62. Qe6# 1-0

[Event "XIV Festival"]
[Site "Padova ITA"]
[Date "2011.12.16"]
[Round "7"]
[White "Manca, Federico"]
[Black "Fercec, Nenad"]
[WhiteElo "2417"]
[BlackElo "2451"]
[Result "0-1"]
[PlyCount "120"]
[EventDate "2011.12.11"]

1. e4 c5 2. c3 d5 3. exd5 Qxd5 4. d4 g6 5. Nf3 Bg7 6. Na3 cxd4 7. Bc4 Qd8 8.
Qb3 e6 9. O-O Nc6 10. Nb5 a6 11. Bg5 Nf6 12. Nbxd4 Na5 13. Qb4 Nxc4 14. Qxc4
O-O 15. Rfe1 b5 16. Qb4 Qc7 17. Bh4 Nd5 18. Qb3 Bb7 19. Bg3 Qb6 20. a4 b4 21.
a5 Qa7 22. Rad1 bxc3 23. bxc3 Rac8 24. c4 Nf6 25. Bd6 Rfd8 26. c5 Bd5 27. Qe3
Ne4 28. Be5 Qxc5 29. Bxg7 Kxg7 30. Qf4 Nf6 31. Ra1 Qd6 32. Qe3 Ne4 33. Ne2 Qc5
34. Ned4 Ba8 35. Rec1 Nc3 36. Re1 Bxf3 37. Nxf3 Qxe3 38. Rxe3 Rc5 39. h3 Rdd5
40. Ra3 Nb5 41. Ra2 Nd6 42. Rea3 Rd1+ 43. Kh2 e5 44. Rd2 Rxd2 45. Nxd2 Rd5 46.
Ra2 e4 47. Nb3 Nb7 48. Ra4 Rb5 49. Nd2 f5 50. Nc4 Kf6 51. Ra2 Ke6 52. Ra4 Nd6
53. Nxd6 Kxd6 54. Ra2 f4 55. g3 f3 56. h4 Ke5 57. Kh3 h5 58. g4 Kf4 59. g5 Rb1
60. Kh2 Re1 0-1

[Event "XIV Festival"]
[Site "Padova ITA"]
[Date "2011.12.16"]
[Round "7"]
[White "Solodovnichenko, Yuri"]
[Black "Maiorov, Nikita"]
[WhiteElo "2629"]
[BlackElo "2558"]
[Result "0-1"]
[PlyCount "82"]
[EventDate "2011.12.11"]

1. e4 e5 2. Nf3 Nc6 3. Bb5 a6 4. Ba4 Nf6 5. O-O Be7 6. Re1 b5 7. Bb3 d6 8. c3
O-O 9. h3 Nb8 10. d4 Nbd7 11. Nbd2 Bb7 12. Bc2 Re8 13. a3 Bf8 14. b4 d5 15.
dxe5 Nxe4 16. Nxe4 dxe4 17. e6 Rxe6 18. Ng5 Re7 19. Nxe4 Qe8 20. Bg5 Re6 21.
Qd3 Kh8 22. Bd2 Ne5 23. Qg3 h6 24. Nc5 Bxc5 25. bxc5 Rd8 26. Be3 Nc4 27. Qxc7
Nxe3 28. Rxe3 Rxe3 29. fxe3 Rd7 30. Qf4 Rd2 31. Bb3 Rxg2+ 32. Kf1 Rb2 33. Bxf7
Qd7 34. Bg6 Qxh3+ 35. Ke1 Qh1+ 36. Qf1 Qh4+ 37. Kd1 Rf2 38. Qe1 Qg4+ 39. Kc1
Rg2 40. Bd3 Rg1 41. Bf1 Bg2 0-1

[Event "XIV Festival"]
[Site "Padova ITA"]
[Date "2011.12.16"]
[Round "7"]
[White "Solomon, Kenny"]
[Black "Petkov, Vladimir"]
[WhiteElo "2426"]
[BlackElo "2542"]
[Result "1-0"]
[PlyCount "109"]
[EventDate "2011.12.11"]

1. Nf3 Nf6 2. c4 e6 3. g3 d5 4. Bg2 d4 5. O-O c5 6. e3 Nc6 7. exd4 cxd4 8. d3
Be7 9. Re1 O-O 10. Na3 Nd7 11. Nc2 e5 12. Rb1 a5 13. a3 a4 14. Bd2 f6 15. Nb4
Nc5 16. Nh4 g5 17. Bd5+ Kh8 18. Ng2 Bf5 19. Bxc6 bxc6 20. Nxc6 Qd7 21. Nxe7
Qxe7 22. Bb4 Qc7 23. Bxc5 Qxc5 24. h4 g4 25. h5 Ra7 26. f4 gxf3 27. Qxf3 Qc8
28. h6 Raf7 29. b4 axb3 30. Rxb3 Bg4 31. Qf2 Bd7 32. Nh4 Rg8 33. Rxe5 Qc7 34.
Rd5 Rxg3+ 35. Ng2 Rg8 36. Rh5 Bc6 37. Rh2 Qe5 38. Rb1 Re7 39. Kf1 Rg5 40. Rb8+
Be8 41. Rh4 Rf5 42. Rf4 Qxb8 43. Rxf5 Qb1+ 44. Ne1 Bd7 45. Re5 Rf7 46. Re7 Kg8
47. Qg3+ Kf8 48. Rxf7+ Kxf7 49. Qg7+ Ke6 50. Qxh7 Qc1 51. Qe4+ Kf7 52. Qh7+ Ke6
53. Qg8+ Kd6 54. Qg3+ Kc6 55. Qh4 1-0

[Event "XIV Festival"]
[Site "Padova ITA"]
[Date "2011.12.17"]
[Round "8"]
[White "Boscolo, Federico"]
[Black "Dragojlovic, Andjelko"]
[WhiteElo "2270"]
[BlackElo "2386"]
[Result "1/2-1/2"]
[PlyCount "131"]
[EventDate "2011.12.11"]

1. e4 d6 2. d4 Nf6 3. Nc3 g6 4. Bg5 Bg7 5. Qe2 c6 6. O-O-O Qa5 7. f4 Bg4 8. Nf3
Nbd7 9. e5 dxe5 10. dxe5 Nd5 11. Nxd5 cxd5 12. Kb1 e6 13. Qb5 Qc7 14. Qb4 Bf8
15. Qa4 Bxf3 16. gxf3 Bc5 17. Bb5 a6 18. c4 Rc8 19. Bxd7+ Qxd7 20. Qxd7+ Kxd7
21. cxd5 exd5 22. Rxd5+ Kc6 23. Rhd1 h6 24. Bf6 Rhe8 25. Bg7 h5 26. Bf6 a5 27.
a4 b6 28. h3 Re6 29. Rd7 Rc7 30. Rd8 Kb7 31. f5 gxf5 32. Rh8 Be7 33. Rxh5 Bxf6
34. exf6 Rxf6 35. Rd5 Rc4 36. b3 Rc3 37. Rdxf5 Rxb3+ 38. Kc2 Rxf3 39. Rxf6 Rxf6
40. Rh7 Rf4 41. Kb3 Kc6 42. Rh5 f5 43. Rh6+ Kc5 44. Rf6 Rf1 45. h4 Kd5 46. Kc3
Kc5 47. h5 Rf3+ 48. Kd2 f4 49. h6 Rh3 50. Rf5+ Kd6 51. Rxf4 Rxh6 52. Kc3 Kc6
53. Kc4 Rh3 54. Rf6+ Kb7 55. Rf7+ Ka6 56. Rf4 Ra3 57. Kd5 Rb3 58. Rg4 Rc3 59.
Rf4 Rc8 60. Rg4 Rc5+ 61. Kd4 Rc7 62. Kd5 Kb7 63. Kd4 b5 64. Rg5 Rc4+ 65. Kd3
Rxa4 66. Rxb5+ 1/2-1/2